Mechanics and thermodynamics of propulsion, 2nd Ed (Record no. 303247)
[ view plain ]
| 000 -LEADER | |
|---|---|
| fixed length control field | 00470 a2200157 4500 |
| 001 - CONTROL NUMBER | |
| control field | 68174 |
| 082 ## - DEWEY DECIMAL CLASSIFICATION NUMBER | |
| Classification number | 629.13238 HIL |
| 090 ## - LOCALLY ASSIGNED LC-TYPE CALL NUMBER (OCLC); LOCAL CALL NUMBER (RLIN) | |
| -- | 38648 |
| -- | 38648 |
| 100 ## - MAIN ENTRY--PERSONAL NAME | |
| Personal name | Hill, G. Phillip ; Peterson, Carl R. |
| 245 ## - TITLE STATEMENT | |
| Title | Mechanics and thermodynamics of propulsion, 2nd Ed |
| Statement of responsibility, etc. | Phillip G Hill . ; Peterson, Carl R. |
| 250 ## - EDITION STATEMENT | |
| Edition statement | 2 |
| 260 ## - PUBLICATION, DISTRIBUTION, ETC. | |
| Place of publication, distribution, etc. | NY |
| Name of publisher, distributor, etc. | Addison Wisley |
| Date of publication, distribution, etc. | 1992 |
| 300 ## - PHYSICAL DESCRIPTION | |
| Extent | xii, 765 p. |
| Other physical details | photocopy |
| 500 ## - GENERAL NOTE | |
| General note | BE textbook Aerospace |
| 600 ## - SUBJECT ADDED ENTRY--PERSONAL NAME | |
| Personal name | Philip G Hill |
| 942 ## - ADDED ENTRY ELEMENTS (KOHA) | |
| Institution code [OBSOLETE] | NUST-CAE |
| Call number prefix | 629.13238 HIL |
| Withdrawn status | Lost status | Damaged status | Not for loan | Collection code | Permanent Location | Current Location | Date acquired | Total Checkouts | Full call number | Barcode | Date last seen | Price effective from | Koha item type |
|---|---|---|---|---|---|---|---|---|---|---|---|---|---|
| College of Aeronautical Engineering (CAE) | College of Aeronautical Engineering (CAE) | 04/03/2017 | 629.13238 HIL | CAEG-3912 | 04/05/2017 | 04/05/2017 | Book |
